000 00424nam a2200157Ia 4500
008 220214s9999 xx 000 0 und d
022 _a0012-9658
245 0 _aECOLOGY
247 _aPlant World
260 _bEcological Society of America, Arizona'
_aNew York
310 _aBM
500 _aEnding Volume & Year: 71, 1990
500 _aMissing Volume: 70;63
500 _aStarting Volume & Year: 56, 1975
942 _cBJ
999 _c11366
_d11366